Rèn luyện và phát triển các thao tác tư duy phân tích và tổng hợp cho học sinh thông qua việc dạy các định lý về hình học không gian 11
Đề tài nêu lên cách rèn luyện các thao tác tư duy cho học sinh mà cụ thể là làm rõ hai thao tác tư duy phân tích và tổng hợp, vận dụng vào việc dạy phần hình học không gian trong chương trình toán phổ thông lớp 11 – Nâng cao.
সংরক্ষণ করুন:
| প্রধান লেখক: | |
|---|---|
| অন্যান্য লেখক: | |
| বিন্যাস: | গ্রন্থ |
| প্রকাশিত: |
Đà Nẵng
Đại học Sư phạm, Đại học Đà Nẵng
2012
|
| বিষয়গুলি: | |
| ট্যাগগুলো: |
ট্যাগ যুক্ত করুন
কোনো ট্যাগ নেই, প্রথমজন হিসাবে ট্যাগ করুন!
|
| Thư viện lưu trữ: | Mạng thư viện Đại học Đà Nẵng |
|---|
| LEADER | 01896nam a2200337 4500 | ||
|---|---|---|---|
| 001 | 000017443 | ||
| 003 | 13861 | ||
| 005 | 20130417090427.0 | ||
| 008 | 130417s2012 sd | ||
| 082 | |a 516.0076 |b NG-C | ||
| 100 | 1 | |a Nguyễn Anh Chi | |
| 245 | |a Rèn luyện và phát triển các thao tác tư duy phân tích và tổng hợp cho học sinh thông qua việc dạy các định lý về hình học không gian 11 |c Nguyễn Anh Chi ; Ngô Thị Bích Thủy hướng dẫn |k Khóa luận tốt nghiệp | ||
| 260 | |a Đà Nẵng |b Đại học Sư phạm, Đại học Đà Nẵng |c 2012 | ||
| 300 | |a 34 tr. |c 29 cm. |e Đĩa CD, bản tóm tắt | ||
| 500 | |a Khóa luận tốt nghiệp đại học. Chuyên ngành: Sư phạm Toán | ||
| 504 | |a Mục lục đầu trang, tài liệu tham khảo tr. 73 - 74, phụ lục [13 tr.] | ||
| 520 | |a Đề tài nêu lên cách rèn luyện các thao tác tư duy cho học sinh mà cụ thể là làm rõ hai thao tác tư duy phân tích và tổng hợp, vận dụng vào việc dạy phần hình học không gian trong chương trình toán phổ thông lớp 11 – Nâng cao. | ||
| 600 | 1 | 4 | |b Vua |c Đinh Tiên Hoàng |
| 650 | 0 | 4 | |a Giáo dục THPT |a Hình học không gian |v Khóa luận tốt nghiệp |x Nghiên cứu |
| 653 | |a Khoa Toán |a Hình học không gian 11 |a Giáo dục THPT | ||
| 700 | |a Ngô Thị Bích Thủy |e Hướng dẫn | ||
| OWN | |a LSP | ||
| AVA | |a UDN50 |b LSP |d 516.0076 NG-C |e available |t Error 5001 Not defined in file expand_doc_bib_avail. |f 1 |g 0 |h N |i 0 |k 1 | ||
| 999 | |a From the UDN01 | ||
| AVA | |a UDN50 |b LSP |d 516.0076 NG-C |e available |t Error 5001 Not defined in file expand_doc_bib_avail. |f 1 |g 0 |h N |i 0 |k 1 | ||
| TYP | |a Monograph | ||
| TYP | |a Printed language | ||
| 980 | |a Mạng thư viện Đại học Đà Nẵng | ||